000 00334nam a2200145Ia 4500
005 20251222142024.0
008 251222s9999||||xx |||||||||||||| ||spa||
020 _a8484321843
082 _a152.4/D22
100 _aDamasio, Antonio R,
245 0 _aEl Error de Descartes
250 _a3ra. ed.
264 _bCrítica
942 _cLIB
999 _c10732
_d10732